| 000 | 00452cam a2200181ua 4500 | ||
|---|---|---|---|
| 020 | _c1.00 | ||
| 041 |
_amal _h |
||
| 082 |
_a894.812301 _bVAS/RA |
||
| 100 | _aVasudevan Nair, M T. | ||
| 245 |
_aRaktham puranda mantharikal / _cM T Vasudevan nair. _hTextual Documents |
||
| 250 |
_a2 / _b. |
||
| 260 |
_aPalghat : _bUdaya publications , _c1957. |
||
| 300 | _a106 ; . | ||
| 365 | _a1.00 | ||
| 504 | _a | ||
| 942 | _cBK | ||
| 999 |
_c12767 _d12767 |
||